000 00673nam a2200289Ia 4500
005 20260324125937.0
008 008 260324s9999 xx 000 0 eng d
020 _a9780203415979
037 _aEBOOK
040 _aCRL
040 _beng
040 _cCRL
041 _2eng
041 _aeng
084 _qCRL
100 _aJon Nixon
245 0 _aTowards the Virtuous University
245 4 _bThe Moral Bases of Academic Practice
260 _bTaylor and Francis
260 _c2008
365 _a
365 _b240
856 _uhttp://www.taylorfrancis.com/books/9780203415979
942 _cEBOOK
999 _c1775612
_d1775612